000
00227nam a22000977a 4500
082
_a
658.5 MAN'A
245
_a
MANAGEMENT OF PRODUCTION
260
_a
LONDON
_b
BRITISH INSTITUTE OF MANAGEMENT
_c
1958
300
_a
47P
942
_c
BK
999
_c
568673
_d
568673